ნორმალური ფორმატი
MARC ფორმატი
ჩანაწერი Personal Name
ჩანაწერთა რაოდენობა, რომელიც გამოყენებულია: 1
001 - CONTROL NUMBER
- control field: 14361
003 - CONTROL NUMBER IDENTIFIER
- control field: GE_BSU
005 - DATE AND TIME OF LATEST TRANSACTION
- control field: 20220711160934.0
008 - FIXED-LENGTH DATA ELEMENTS
- fixed length control field: 220711|| aca||aabn | a|a d
040 ## - CATALOGING SOURCE
- Original cataloging agency: GE_BSU
- Transcribing agency: GE_BSU
100 ## - HEADING--PERSONAL NAME
- Personal name: Stammbach, Urs.
670 ## - SOURCE DATA FOUND
- Source citation: Work cat.: (GE_BSU)0: Hilton, Peter, 1923-2010. 14358, A course in homological algebra /, c1997.
